000 00966nam a22002297a 4500
003 UA-OsUOA
001 39877
007 ta
008 20080520b un ||||| |||| 00| 0 ukr d
090 _a050
_bУ45
942 _cMG
040 _aUA-OsUOA
_bukr
_cUA-OsUOA
_dUA-OsUOA
245 _aУкраїнський вісник
_b1939: ч. 1- 12 (січ.-груд); 1940: ч. 1-9, 12 (січ.-вер.; груд.); 1941: ч. 1-12 (січ.-груд);
955 _a4
041 _aukr
080 _a050
260 _aКартерет, США
246 3 1 _aЦерковно-народній часопис. Місячний Єпархіяльний Орган Української Православної Церкви
250 _nЗшиток журналів
650 7 _a050 Серійні публікації. Періодика галузі, Організація та інші типи поєднання (співробітництва)
_2UDC
999 _c438394
_d438394